2023 NCAA Football Upsets - Statistics

General Stats
  • This quiz has been taken 718 times
    615 since last reset
  • The average score is 27 of 47
Answer Stats
Week Team Defeated Rank Score Winning Team Rank % Correct
2 Alabama 3 34-24 Texas 11
90%
3 Tennessee 11 29-16 Florida -
82%
1 LSU 5 45-24 Florida State 8
82%
Bowls Florida State 5 63-3 Georgia 6
82%
14 Georgia 1 27-24 Alabama 8
77%
1 TCU 17 45-42 Colorado -
76%
13 Ohio State 2 30-24 Michigan 3
76%
6 Texas 3 34-30 Oklahoma 12
75%
9 Oklahoma 6 38-33 Kansas -
71%
3 Kansas State 15 30-27 Missouri -
67%
7 Kentucky 24 38-21 Missouri -
67%
Bowls Ohio State 7 14-3 Missouri 9
67%
Bowls Louisville 15 42-28 USC -
67%
5 LSU 13 55-49 Mississippi 20
65%
Bowls Penn State 10 38-25 Mississippi 11
65%
11 Tennessee 13 36-7 Missouri 14
64%
Bowls Iowa 17 35-0 Tennessee 21
64%
1 Clemson 9 28-7 Duke -
63%
5 Florida 22 33-14 Kentucky -
62%
13 Louisville 10 38-31 Kentucky -
62%
2 Wisconsin 19 31-22 Washington State -
57%
4 Oregon State 14 38-35 Washington State 21
57%
5 Utah 10 21-7 Oregon State 19
56%
6 Washington State 13 25-17 UCLA -
56%
Bowls NC State 18 28-19 Kansas State 25
55%
6 Missouri 21 49-39 LSU 24
55%
7 Kansas 23 39-32 Oklahoma State -
54%
10 Oklahoma 9 27-24 Oklahoma State 22
54%
2 Texas A&M 23 48-33 Miami -
53%
10 Notre Dame 15 31-23 Clemson -
52%
12 North Carolina 20 31-20 Clemson -
52%
7 USC 10 48-20 Notre Dame 21
51%
7 Washington State 19 44-6 Arizona -
49%
10 UCLA 19 27-10 Arizona -
49%
Bowls Oklahoma 12 38-24 Arizona 14
49%
13 Kansas State 19 42-35 Iowa State -
48%
6 Miami 17 23-20 Georgia Tech -
47%
6 Notre Dame 10 33-20 Louisville 25
45%
11 Kansas 16 16-13 Texas Tech -
41%
14 Tulane 22 26-14 SMU -
39%
8 Iowa 24 12-10 Minnesota -
38%
8 North Carolina 10 31-27 Virginia -
37%
10 Air Force 25 23-3 Army -
34%
Bowls SMU 24 23-14 Boston College -
32%
7 Louisville 14 38-21 Pittsburgh -
31%
11 Oklahoma State 15 45-3 UCF -
31%
6 Fresno State 24 24-19 Wyoming -
17%
No matching quizzes found
Score Distribution
Percent of People with Each Score
Percentile by Number Answered
Your Score History
You have not taken this quiz since the last reset